[Event "Araraquara op 2nd"]
[Site "Araraquara"]
[Date "2024.02.13"]
[Round "7"]
[White "De Carvalho, Guilherme Michel Li"]
[Black "De Abreu, Lia Oliveira"]
[Result "1/2-1/2"]
[WhiteElo "1800"]
[BlackElo "1793"]
[PlyCount "97"]
[EventDate "2024.02.10"]
[EventType "swiss"]
[EventRounds "7"]
[EventCountry "BRA"]
[SourceTitle "CB09_2024"]
[SourceDate "2024.02.28"]
[SourceVersion "1"]
[SourceVersionDate "2024.02.28"]
[SourceQuality "1"]

1. d4 Nf6 2. e3 g6 3. Bd3 b6 4. f4 Bb7 5. Nf3 Bg7 6. Nbd2 d6 7. c3 c5 8. 0-0 0-0 9. Re1 Nbd7 10. Qe2 Re8 11. e4 cxd4 12. cxd4 e6 13. e5 dxe5 14. fxe5 Nd5 15. Ne4 Bf8 16. Qf2 Nb4 17. Nfg5 Re7 18. Bb1 h6 19. Nf3 Bxe4 20. Bxe4 Nd5 21. Qh4 f5 22. Bxd5 exd5 23. Bxh6 Rh7 24. Bg5 Rxh4 25. Bxd8 Re4 26. Bg5 Rc8 27. Rac1 Rxe1+ 28. Rxe1 Bb4 29. e6 Nb8 30. Re5 Re8 31. Rxd5 Nc6 32. Ne5 Rxe6 33. Nxc6 Rxc6 34. Rd8+ Kf7 35. Rd7+ Ke6 36. Rxa7 Rc2 37. a3 Bd2 38. Bxd2 Rxd2 39. Rg7 Kf6 40. Rd7 Ke6 41. Rg7 Kf6 42. Rd7 Ke6 43. Rc7 Rxd4 44. Rc6+ Rd6 45. Rxd6+ Kxd6 46. Kf2 Kc5 47. b3 Kd4 48. h4 Kc3 49. b4 1/2-1/2